| 000 | 00725nam a2200229Ia 4500 | ||
|---|---|---|---|
| 003 | OSt | ||
| 005 | 20220202144302.0 | ||
| 008 | 210716s2009 xx 000 0 und d | ||
| 020 | _a9780195695946 | ||
| 040 | _cAIMIT LIBRARY | ||
| 041 | _aeng | ||
| 082 |
_a658.4 _21 _bBHAD |
||
| 100 |
_aBhattacharyya, Dipak Kumar. _915875 |
||
| 245 |
_aOrganizational behaviour: _bConcepts and applications / _cBy Dipak Kumar Bhattacharyya. |
||
| 250 | _a1 | ||
| 260 |
_aNew Delhi: _bOxford University Press., _c2009. |
||
| 300 |
_axvi,628p.; _c24cm. |
||
| 650 |
_aAttitude and its measurement _915876 |
||
| 650 |
_aEmployee motivation _915877 |
||
| 650 |
_aPower and politics in organization _915878 |
||
| 942 |
_2ddc _cBK _e1 _k658.4 BHAD |
||
| 999 |
_c203770 _d203770 |
||